Saaria satelliittikuvien mukaan #1 - Statistics

Yleistilastot
  • Tätä visaa on pelattu 420 kertaa
  • Keskiarvotulos 8 / 16
Vastaustilastot
Kuvavisa Vastaus % Oikein
Islanti
96%
Irlanti
93%
Grönlanti
90%
Kuuba
87%
Jamaika
56%
Korsika
53%
Sardinia
52%
Hokkaido
47%
Jaava
47%
Bahrain
46%
Borneo
42%
Vancouverinsaari
32%
Long Island
31%
Puerto Rico
30%
Sjælland
24%
Prinssi Edwardin saari
12%
Ehtoja vastaavia visoja ei löytynyt
Tulosjakauma
Jokaisen tuloksen saaneiden osuus
Persentiili vastausten määrän mukaan
Tuloshistoriasi
Et ole pelannut tätä visaa